00906cam a2200289 a 45000010008000000030004000080050017000120080041000290100017000700200025000870400018001120430012001300500027001420820022001691000026001912450065002172500012002822600038002943000053003325000020003855040030004056500038004356500033004736500030005066510051005367400029005871022660OSt20180921132056.0881104s1989 nyuaf b 001 0 eng  a 88045895  a0060160810 :c$22.50 aDLCcDLCdDLC an-us---00aHB3717 1929b.K59 198900a338.54219bK655Y1 aKlingaman, William K.10a1929 :bthe year of the great crash /cWilliam K. Klingaman. a1st ed. aNew York :bHarper & Row,cc1989. axvii, 393 p., [8] p. of plates :bill. ;c25 cm. aIncludes index. aBibliography: p. 369-376. 0aDepressionsy1929zUnited States. 0aEconomic historyy1918-1945. 0aStock Market Crash, 1929. 0aUnited StatesxEconomic conditionsy1918-1945.0 aYear of the great crash.